[Event "Mephisto Cup (40/120')"]
[Site "?"]
[Date "2011.??.??"]
[Round "5"]
[White "Saitek Sparc, Renaissance"]
[Black "Mephisto 68030, London"]
[Result "1/2-1/2"]
[WhiteElo "2246"]
[BlackElo "2270"]
[Annotator "xchessg"]
[PlyCount "160"]
[SourceDate "2009.11.09"]

1. d4 Nf6 {[%eval 25,0] Stil Riskant; Bauer 70%; Figuren 80%, Contempt} 2. c4
g6 3. Nc3 Bg7 4. e4 d6 5. Nf3 O-O 6. Be2 e5 7. dxe5 dxe5 8. Qxd8 Rxd8 9. Bg5
Nbd7 10. O-O-O Rf8 11. Nd2 c6 {[%eval -3,0] *Modern;} 12. b4 Nb8 13. Nb3 {
[%eval 11,0] *} Ng4 14. Bh4 Bf6 15. Bxf6 Nxf6 16. Rd6 Ne8 17. Rd2 b6 18. Rhd1
Be6 19. Kb1 Nf6 20. Ka1 Na6 21. a3 c5 22. bxc5 Nxc5 23. Nxc5 bxc5 24. f3 {
[%eval 40,0]} Kg7 {[%eval 6,0]} 25. Nd5 Rfc8 26. Rb2 Rab8 27. Rdb1 Rxb2 28.
Rxb2 Rc6 29. Rb7 a6 30. g4 {[%eval 27,0]} Ne8 {[%eval 0,0]} 31. Kb1 Nd6 32. Rb2
f5 33. gxf5 gxf5 34. exf5 Bxf5+ 35. Kc1 {[%eval 34,0]} Kf7 {[%eval 3,0]} 36.
Rb3 a5 37. Re3 Ke6 38. f4 e4 39. Rg3 Bg6 40. Rb3 {[%eval 48,0]} Kf7 {[%eval -3,
0]} 41. Rb8 Ra6 42. Ne3 Kf6 43. Kd2 Bf7 44. Ke1 a4 45. Kf2 Be6 46. Nd5+ Kf5 47.
h3 Bf7 48. Ke3 Kg6 49. Rb1 Kg7 50. Rb6 {[%eval 45,0]} Nf5+ {[%eval -9,0]} 51.
Kd2 Ra7 52. Bg4 Bxd5 53. Bxf5 Bxc4 54. Rc6 Bd3 55. Rxc5 {[%eval 57,0]} Rb7 56.
Be6 Rb1 {[%eval -15,0]} 57. Ke3 Kf6 58. Rc6 Ra1 59. Bg4+ Ke7 60. Rc3 Kd6 61.
Kd4 Rf1 62. Rc5 Rxf4 63. Rd5+ Kc6 64. Bd7+ Kb6 65. Bxa4 {[%eval 13,0]} Bf1 {
[%eval -6,0]} 66. Rd6+ Kc7 67. Rd7+ Kc8 68. Ke5 Rf3 69. Rxh7 e3 70. Kd6 {
[%eval 0,0]} Kb8 {[%eval 21,0]} 71. Bc6 Rxh3 72. Rb7+ Kc8 73. Re7 Rh6+ 74. Kc5
e2 75. Kb6 Rd6 76. a4 Rd1 77. Re8+ Rd8 78. Bb7+ Kd7 79. Re3 Rh8 80. Bf3 {
[%eval 23,0]} Rb8+ {[%eval 0,0]} 1/2-1/2

[Event "Mephisto Cup (40/120')"]
[Site "?"]
[Date "2011.??.??"]
[Round "6"]
[White "Mephisto 68030, London"]
[Black "Saitek Sparc, Renaissance"]
[Result "1-0"]
[WhiteElo "2270"]
[BlackElo "2246"]
[Annotator "xchessg"]
[PlyCount "72"]
[SourceDate "2009.11.09"]

{Aktiv, Contempt} 1. e4 e6 2. d4 d5 3. Nc3 Bb4 4. e5 c5 5. Bd2 Nc6 6. Nb5 Bxd2+
7. Qxd2 Nxd4 8. Nxd4 cxd4 9. f4 Ne7 10. Nf3 {[%eval 0,0] *Turnierbuch, normal;}
Nf5 11. O-O-O Ne3 {[%eval -21,0] *Turnierbuch;} 12. Re1 Nxf1 13. Rhxf1 Bd7 14.
Nxd4 O-O 15. f5 {[%eval 51,0]} Qh4 {[%eval 12,0]} 16. f6 Qh6 {[%eval 36,0]} 17.
Qxh6 gxh6 18. Re3 Kh8 19. Ra3 Rg8 20. g3 {[%eval 100,0]} a6 {[%eval 6,0]} 21.
Rb3 Rab8 22. Rf4 h5 23. Nf3 Rg4 24. Rbb4 Rxf4 25. Rxf4 Rc8 26. Rh4 Bb5 {[%eval
78,0]} 27. Kd2 {[%eval 154,0]} h6 28. Rxh5 Kh7 29. g4 Rg8 30. g5 Rg6 31. h4 {
[%eval 227,0]} Bc4 {[%eval 213,0]} 32. Nd4 a5 33. Nxe6 $1 {[%eval 387,0]} fxe6
{[%eval -51,0]} 34. b3 Bxb3 {[%eval 251,0]} 35. cxb3 Kg8 36. Rxh6 Rxh6 {[%eval
958,0]} 1-0

[Event "Mephisto Cup (40/120')"]
[Site "?"]
[Date "2011.??.??"]
[Round "7"]
[White "Saitek Sparc, Renaissance"]
[Black "Mephisto 68030, London"]
[Result "1/2-1/2"]
[WhiteElo "2246"]
[BlackElo "2270"]
[Annotator "xchessg"]
[PlyCount "106"]
[SourceDate "2009.11.09"]

1. d4 d5 {[%eval 25,0] Aktiv; contempt} 2. c4 c6 3. Nc3 Nf6 4. e3 g6 5. Nf3 Bg7
6. Bd3 O-O 7. O-O Bg4 8. h3 Bxf3 9. Qxf3 e6 10. Rd1 Nbd7 11. b3 Re8 12. Bf1 e5
{[%eval 27,0] *Turnierbuch, normal;} 13. cxd5 e4 14. Qe2 cxd5 {[%eval 60,0]}
15. Qb5 {[%eval 11,0]} Nb6 16. Ba3 a6 17. Qa5 Nbd7 18. Qxd8 Raxd8 19. Rac1 Rc8
20. Na4 {[%eval 48,0]} h6 {[%eval 30,0]} 21. Be2 Bf8 22. Nc5 Nxc5 23. dxc5 a5
24. Bb2 Re6 25. Bxf6 {[%eval 89,0]} Rxf6 {[%eval -60,0]} 26. Rxd5 b6 27. Rc4
Rxc5 28. Rdxc5 Bxc5 29. Rxe4 Rd6 30. Re8+ {[%eval 90,0]} Kg7 {[%eval -30,0]}
31. a4 f5 32. g4 Rd2 33. Kf1 Rb2 34. gxf5 gxf5 35. Bc4 {[%eval 89,0]} f4 {
[%eval -33,0]} 36. Re4 fxe3 37. fxe3 Rh2 38. h4 Kf6 39. Ke1 Bb4+ 40. Kd1 Kf5 {
[%eval -27,0]} 41. Re6 {[%eval 37,0]} Rxh4 42. Rxb6 Rh2 43. Be2 Ke4 44. Re6+
Kf5 45. Re8 h5 {[%eval 0,0]} 46. Rc8 {[%eval 0,0]} h4 47. Rc4 h3 48. Bf3 Rd2+
49. Kc1 Rg2 50. Kd1 {[%eval -19,0]} Kg5 {[%eval 48,0]} 51. Rd4 Rf2 52. Rg4+ Kf5
53. Rf4+ Ke5 1/2-1/2

[Event "Mephisto Cup (40/120')"]
[Site "?"]
[Date "2012.??.??"]
[Round "8"]
[White "Mephisto 68030, London"]
[Black "Saitek Sparc, Renaissance"]
[Result "1/2-1/2"]
[WhiteElo "2270"]
[BlackElo "2246"]
[Annotator "xchessg"]
[PlyCount "134"]
[SourceDate "2009.11.09"]

{Stil Aktiv, RF} 1. d4 d5 {stufe f5} 2. c4 e6 3. Nc3 c6 4. Nf3 dxc4 5. a4 Bb4
6. e3 b5 7. Bd2 Bb7 8. axb5 Bxc3 9. Bxc3 cxb5 10. b3 a5 11. bxc4 b4 12. Bb2 Nf6
13. Bd3 Nbd7 14. O-O Qc7 15. Re1 {[%eval 48,0] *Turnierbuch, klassik;} O-O 16.
e4 e5 17. Nxe5 Nxe5 18. dxe5 Nd7 19. f4 (19. Qh5 Nc5 20. Bf1 (20. Bc2 a4 (20...
b3 21. Bb1 Rfd8 22. Qf3 a4 23. Qc3 Qa5 24. Qxa5 Rxa5 25. Ba3 Rc8 26. f3 Nd7 27.
f4 Rxc4 28. Rd1 Nf8 29. Rd8 Ra8 30. Rxa8 Bxa8 31. Bd3 Rd4 32. Rc1 Rd8 33. Bb5
Bxe4 34. Bxa4 Bc2 35. Bb2 g6 36. g3 Ne6 37. h4 h5 38. Kf2 Nc5 39. Bb5 Ra8 40.
Bc4 Ra4 41. Bxb3 Bxb3 42. Rxc5 Ra2 43. Rc8+ Kg7 44. Rb8 Rxb2+ 45. Ke3 Rg2 {0-1
Braun,A-Burmakin,V/Schwaebisch Gmuend 2003/EXT 2004 (45)}) 21. e6 Nxe6 22. Re3
Ra5 23. e5 g6 24. Qh6 f5 25. Rxa4 Qc6 26. Rg3 Rxa4 27. Bxa4 Qxa4 28. h4 Qd1+
29. Kh2 Qd7 30. h5 Qg7 31. Qd2 f4 32. Rd3 gxh5 33. f3 Kh8 34. Rd6 Bc8 35. c5
Rg8 36. c6 h4 37. Qe2 h3 38. gxh3 h5 39. h4 Qe7 40. Kh1 Rg3 41. Qh2 Qh7 42. Rd1
Qf5 43. c7 Rh3 44. Rd8+ Kh7 45. Rxc8 Rxh2+ 46. Kxh2 Qc2+ 47. Kh3 Ng5+ {0-1
Navarro,N-Jodorcovsky,P/Asuncion 1995/EXT 97 (47)}) (20. Re3 Rfd8 21. Bc2 Rd2
22. Rh3 h6 23. e6 Nxe6 24. Be5 Qc5 25. Rf3 g6 26. Rg3 Qxf2+ {0-1 Mchedlishvili,
M-Rabinovich,A/Rimavska Sobota 1996/EXT 97 (26)}) 20... a4 21. Rad1 a3 22. Bc1
Rfe8 23. f4 b3 24. Be3 b2 25. Bd4 Red8 26. e6 Rxd4 27. exf7+ Qxf7 28. Qxf7+
Kxf7 29. Rxd4 a2 {0-1 Vidic,B-Tregubov,P/Ljubljana 1994/TD (29)}) (19. e6 fxe6
20. e5 Nc5 21. Bc2 Qc6 22. f3 a4 23. Qd6 Rfd8 24. Qxc6 Bxc6 25. Red1 a3 26. Bd4
Rxd4 27. Rxd4 b3 28. Rd2 Be8 29. Bb1 Bg6 30. Bxg6 hxg6 31. Kf2 b2 {0-1
Templier,N-Bogdanovich,G/Issy les Moulineaux 1997/EXT 2007 (31)}) (19. Re3 Nxe5
20. Qh5 f6 21. Bc2 Bc8 22. f4 Nxc4 23. Qd5+ Kh8 24. Qxa8 Qc5 25. Bc1 Nxe3 26.
Bxe3 Qxe3+ 27. Kh1 b3 28. Bxb3 Qxb3 {0-1 Sareen,V-Neelotpal,D/Jamshedpur 2000/
EXT 2002 (28)}) 19... Rfd8 {[%eval -7,0] *Turnierbuch;} (19... Nc5 20. Qf3 (20.
Bc2 Rfd8 21. Qc1 (21. Qg4 Rd2 22. Re2 Rxe2 23. Qxe2 a4 24. e6 fxe6 25. Qe3 b3
26. Bb1 Rd8 27. Bd4 Qd6 28. Bxc5 Qd1+ 29. Kf2 b2 30. Qa3 Rd2+ 31. Kg3 Rd3+ {
0-1 Agopov,M-Penttinen,J/Tampere 2000/EXT 2001 (31)}) 21... a4 22. Qe3 a3 23.
Bd4 Rxd4 24. Qxd4 b3 25. Bb1 a2 26. Bxa2 bxa2 27. Qb2 Nd3 28. Qd4 Rd8 29. Qc3 {
0-1 Tuominen,R-Luukkonen,T/Tampere 1997/EXT 99 (29)}) 20... Rfd8 21. Bc2 a4 22.
Red1 Rxd1+ 23. Qxd1 Rd8 24. Qe2 a3 25. Bxa3 bxa3 26. Rxa3 Ne6 27. Qe3 Qxc4 28.
Rc3 Qa2 29. f5 Nd4 30. Qg5 Re8 31. Bb3 Qb1+ 32. Kf2 Qb2+ 33. Kf1 Qe2+) 20. Qe2
{[%eval 42,0]} Nc5 {[%eval -15,0]} 21. Bc2 b3 22. Bb1 Ne6 23. Qe3 {a tempo}
Qxc4 24. Rc1 {a tempo} Qb4 25. f5 {[%eval -3,0]} Nd4 {[%eval -46,0]} 26. Bd3
Nc2 {a tempo} 27. Bxc2 bxc2 28. Rxc2 Bxe4 29. Bc3 {a tempo} Qc4 30. Rd2 {
[%eval -27,0] a tempo;} Rxd2 31. Bxd2 {a tempo} a4 32. f6 Rd8 33. Rc1 Qd5 34.
Rc5 Qa2 35. Rc1 {[%eval 0,0]} h6 {[%eval -51,0]} 36. Qxe4 Qxd2 {a tempo} 37.
Ra1 Qd4+ 38. Qxd4 Rxd4 39. Ra3 g5 40. Kf2 {[%eval -60,0]} Re4 {[%eval -67,0]}
41. h3 Kh7 42. g4 {a tempo} h5 43. gxh5 Kh6 44. Kf3 {a tempo} Rxe5 45. Rxa4 {
[%eval -106,0] a tempo;} Kxh5 {[%eval -131,0]} 46. Rb4 {a tempo} Rc5 47. Rb6
Rf5+ 48. Kg3 Rf4 {a tempo} 49. Rb5 Kg6 {a tempo} 50. Rb7 {[%eval -118,0]} Kxf6
{[%eval -172,0]} 51. Rb6+ Kf5 52. Rb5+ Kg6 53. Rb6+ f6 54. Rc6 Re4 {a tempo}
55. Kf3 {[%eval -133,0]} Rb4 {[%eval -169,0]} 56. Ra6 Rc4 57. Rb6 Rc3+ 58. Kg4
Rd3 59. Rc6 Re3 60. Rb6 {[%eval -118,0]} Ra3 {[%eval -169,0]} 61. Rc6 Rd3 62.
Rb6 Rc3 63. Ra6 Rb3 64. Rc6 Rb4+ 65. Kg3 {[%eval -133,0]} Ra4 {[%eval -166,0]}
66. Rb6 Ra3+ 67. Kg4 Ra7 1/2-1/2

[Event "Mephisto Cup (40/120')"]
[Site "?"]
[Date "2012.??.??"]
[Round "9"]
[White "Saitek Sparc, Renaissance"]
[Black "Mephisto 68030, London"]
[Result "0-1"]
[WhiteElo "2246"]
[BlackElo "2270"]
[Annotator "xchessg"]
[PlyCount "91"]
[SourceDate "2009.11.09"]

1. d4 d5 {[%eval 25,0] Aktiv; RF} 2. c4 e6 3. Nc3 Nf6 4. Bg5 Be7 5. e3 O-O 6.
Nf3 Nbd7 7. Rc1 c6 8. Bd3 dxc4 9. Bxc4 Nd5 10. Bxe7 Qxe7 11. O-O Nxc3 12. Rxc3
e5 13. dxe5 Nxe5 14. Nxe5 Qxe5 15. f4 Qe4 16. Qe2 Bf5 17. Bd3 Qd5 18. e4 Qd4+ {
[%eval 0,0] *Turnierbuch, klassik;} 19. Qf2 Qxf2+ 20. Kxf2 Be6 21. f5 {[%eval
73,0] *Turnierbuch,} Bc8 {a tempo} 22. Rd1 g6 {a tempo} 23. Bc2 Re8 24. g4 a5
25. Rcd3 {[%eval 86,0]} Kg7 {[%eval -12,0]} 26. Rd6 Kf8 27. a3 Ra6 28. a4 Rb6 {
a tempo} 29. b3 Rb4 30. h3 {[%eval 58,0] a tempo;} c5 31. Rd8 {a tempo} c4 {
[%eval 6,0]} 32. bxc4 {a tempo} Rxc4 33. R1d2 Rxd8 34. Rxd8+ Ke7 35. Bd3 Rc5
36. Rd4 Bd7 37. h4 {a tempo} b5 38. axb5 Bxb5 39. Ke3 Rc3 40. Kd2 {[%eval -34,
0]} Rxd3+ {[%eval 63,0]} 41. Rxd3 Bxd3 42. Kxd3 gxf5 {[%eval 275,0]} 43. exf5 {
[%eval -146,0]} Kd6 {a tempo} 44. Ke4 a4 {[%eval 506,0]} 45. Kd4 {[%eval -220,
0]} a3 {[%eval 596,0]} 46. Kc3 {[%eval -296,0]} 0-1

[Event "Mephisto Cup (40/120')"]
[Site "?"]
[Date "2012.??.??"]
[Round "10"]
[White "Mephisto 68030, London"]
[Black "Saitek Sparc, Renaissance"]
[Result "0-1"]
[WhiteElo "2270"]
[BlackElo "2246"]
[Annotator "xchessg"]
[PlyCount "79"]
[SourceDate "2009.11.09"]

{Aktiv; RF} 1. Nf3 d5 {Stufe f5} 2. g3 Nf6 3. c4 e6 4. Bg2 c6 5. cxd5 {[%eval
15,0] *Turnierbuch, modern;} exd5 {[%eval -16,0] *Turnierbuch;} 6. O-O Bd6 7.
Nc3 O-O 8. Qc2 {a tempo} Na6 9. a3 Bg4 10. d4 {[%eval 45,0]} Re8 {[%eval -24,0]
a tempo;} 11. b4 Nc7 12. h3 Bxf3 13. Bxf3 a5 14. bxa5 Rxa5 {a tempo} 15. a4 {
[%eval 15,0]} Qd7 16. Bg2 {a tempo} Nb5 {[%eval -69,0]} 17. Nxb5 {a tempo} cxb5
18. Bg5 bxa4 19. Bxf6 gxf6 {a tempo} 20. Rfc1 {[%eval 33,0]} Bf8 {[%eval -51,0]
} 21. e3 b6 22. Rab1 b5 23. Bf3 Rea8 (23... b4) 24. Bg4 Qb7 {a tempo} 25. Bc8 {
[%eval 100,0]} Qb6 {[%eval -43,0]} 26. Bf5 {a tempo} h6 27. Bh7+ {a tempo} Kh8
28. Bd3 a3 (28... b4 $5 29. Qd1 Bg7 30. Qg4 Qb7 31. e4 $13) 29. Qa2 $2 {a tempo
} (29. Qe2 $1 a2 30. Ra1 b4 31. Qh5 Bg7 32. Qf5 Kg8 33. Rc8+ $11) 29... b4 30.
Bf5 {[%eval 33,0]} Bd6 31. Bd7 Rb8 32. Rb3 Rg8 33. Rc6 Qb8 {a tempo} 34. Kh1
Ra7 35. Bg4 {[%eval 6,0]} Rc7 {[%eval -133,0]} 36. Rxc7 {a tempo} Qxc7 37. Kg1
{[%eval -106,0]} Bxg3 38. fxg3 {[%eval -284,0]} Qxg3+ 39. Kf1 f5 40. Qd2 {
[%eval -442,0]} 0-1

[Event "Mephisto Cup (40/120')"]
[Site "?"]
[Date "2012.??.??"]
[Round "1"]
[White "Mephisto 68030, London"]
[Black "Mephisto ARM2, RISC 1.2."]
[Result "1-0"]
[WhiteElo "2270"]
[BlackElo "2263"]
[Annotator "xchessg"]
[PlyCount "102"]
[SourceDate "2009.11.09"]

{Stil Aktiv; RF} 1. e4 e5 2. Nf3 Nf6 3. Nxe5 d6 4. Nf3 Nxe4 5. d4 d5 6. Bd3 Bd6
7. O-O O-O 8. c4 c6 9. Qc2 f5 10. Qb3 dxc4 {[%eval 8,0] *Turnierbuch;} 11.
Qxc4+ {[%eval 33,0] *Turnierbuch, normal;} Kh8 {nach 12' grubeln} 12. Qc2 {a
tempo} (12. Nbd2) 12... Nd7 $5 13. Nc3 (13. Bxe4 fxe4 14. Qxe4 Nf6 15. Qh4 Bf5
$44) 13... Ndf6 {a tempo} 14. Re1 Bb4 $6 (14... Qc7 15. Nxe4 fxe4 16. Bxe4 Bg4
$11) 15. a3 {[%eval 39,0]} Bd6 {[%eval -35,0] a tempo;} 16. Re2 $6 (16. Nxe4
fxe4 17. Bxe4 Nxe4 18. Qxe4 Bf5 19. Qh4 $14) 16... Rb8 $6 (16... Be6 $1 17.
Nxe4 $140 fxe4 18. Bxe4 Nxe4 19. Qxe4 Bd5 20. Qh4 Bxf3) 17. Nxe4 fxe4 18. Bxe4
Nxe4 19. Qxe4 {a tempo} Bf5 20. Qh4 {[%eval -9,0] a tempo;} Qxh4 {[%eval -27,0]
} 21. Nxh4 $14 {a tempo} Rbe8 22. Rxe8 Rxe8 {a tempo} 23. Bd2 Bg4 24. h3 Bc8 {
a tempo} 25. Re1 {[%eval 24,0]} Rxe1+ {[%eval -46,0]} 26. Bxe1 Kg8 27. Nf3 Kf7
{a tempo} 28. Ng5+ Kg6 29. Ne4 {a tempo} Bf4 30. Bd2 {[%eval 27,0]} Bxd2 $2 {
[%eval -45,0]} (30... Bf5 31. Bxf4 Bxe4 $11) 31. Nxd2 $16 {[%eval 48,0]} Kf5
32. Nc4 Ke6 33. Ne3 b6 34. f4 Ba6 {a tempo} 35. Kf2 Bd3 {[%eval -60,0] a tempo;
} 36. g4 g6 {a tempo} 37. b4 Be4 {a tempo} 38. h4 Bd3 {a tempo} 39. a4 Be4 40.
a5 {[%eval 87,0]} Bd3 {[%eval -68,0]} 41. h5 Be4 {a tempo} 42. Kg3 bxa5 43.
bxa5 Bd3 44. h6 a6 45. Kf3 Kf6 {[%eval -114,0] a tempo;} 46. g5+ Kf7 47. Ng4 {
a tempo} Kg8 48. Ne5 {[%eval 236,0] a tempo;} Bb5 {[%eval -213,0]} 49. Ke4 Bf1
50. Nd7 {a tempo} Bh3 51. Nf6+ {[%eval 309,0] a tempo;} Kh8 {[%eval -295,0]}
1-0

[Event "Mephisto Cup (40/120')"]
[Site "?"]
[Date "2012.??.??"]
[Round "2"]
[White "Mephisto ARM2, RISC 1.2."]
[Black "Mephisto 68030, London"]
[Result "1/2-1/2"]
[WhiteElo "2263"]
[BlackElo "2270"]
[Annotator "xchessg"]
[PlyCount "111"]
[SourceDate "2009.11.09"]

1. e4 c6 {Stil Aktiv, RF.0.00} 2. d4 d5 3. Nc3 dxe4 4. Nxe4 Bf5 5. Ng3 Bg6 6.
h4 h6 7. h5 Bh7 8. Nf3 Nd7 9. Bd3 Bxd3 10. Qxd3 Qc7 11. Bd2 e6 12. O-O-O Ngf6
13. Ne4 O-O-O 14. g3 Nc5 15. Nxc5 Bxc5 16. Kb1 Bd6 17. Qe2 {[%eval 21,0]
*Turnierbuch;} Kb8 {[%eval 6,0] *Turnierbuch, normal;} 18. Ne5 Bxe5 {a tempo}
19. dxe5 Nd5 20. f4 {[%eval 51,0]} Qb6 {[%eval -6,0]} 21. c4 Ne7 22. g4 Qa6 23.
Bb4 Nc8 {a tempo} 24. b3 Qb6 25. Bd6+ {[%eval 74,0]} Nxd6 {[%eval -18,0]} 26.
exd6 {a tempo} Rd7 27. Qe5 Rg8 {a tempo} 28. c5 Qb4 29. Rh2 {a tempo} Qb5 30.
Rc2 {[%eval 106,0]} Qa5 31. Re2 {a tempo} a6 {[%eval -51,0]} 32. Re4 Ka7 33. f5
exf5 34. Qxf5 Qd8 35. Rde1 g6 36. hxg6 fxg6 37. Qe6 Rgg7 38. Qc4 Qa5 39. b4 Qa4
40. Ka1 {[%eval 117,0]} Rgf7 {[%eval -87,0]} 41. Re8 h5 42. gxh5 gxh5 43. Qd4
Rg7 44. Qd2 a5 45. bxa5 {[%eval 71,0]} Qa3 {[%eval -115,0]} 46. Qe3 Qxa5 47.
Rb1 {a tempo} Rg4 48. Re7 Qd8 {a tempo} 49. Rb3 Ra4 50. Kb1 {[%eval 71,0]} Rxe7
{[%eval -112,0]} 51. dxe7 Qe8 {a tempo} 52. Qe6 {[%eval 30,0]} h4 {[%eval -224,
0]} 53. Rf3 $2 {[%eval 97,0]} (53. Rd3 $18) 53... Qh5 {[%eval -118,0] a tempo;}
54. e8=Q {[%eval 194,0]} Qxf3 {[%eval 0,0] a tempo;} 55. Qd8 {[%eval 98,0]}
Qf1+ {[%eval 0,0]} 56. Kb2 {[%eval 0,0] a tempo;} 1/2-1/2

[Event "Mephisto Cup (40/120')"]
[Site "?"]
[Date "2012.??.??"]
[Round "3"]
[White "Mephisto 68030, London"]
[Black "Mephisto ARM2, RISC 1.2."]
[Result "1-0"]
[WhiteElo "2270"]
[BlackElo "2263"]
[Annotator "xchessg"]
[PlyCount "90"]
[SourceDate "2009.11.09"]

{Stil Aktiv, RF} 1. e4 e5 2. Nf3 Nc6 3. Bb5 a6 4. Ba4 Nf6 5. O-O Nxe4 6. d4 b5
7. Bb3 d5 8. dxe5 Be6 9. Be3 Be7 10. c3 O-O 11. Nbd2 Nxd2 12. Qxd2 Qd7 13. Bg5
Rad8 14. Rfe1 Na5 {[%eval 20,0] *Turnierbuch;} 15. Bc2 Nc4 16. Qd3 g6 17. Qd4
Nxb2 {[%eval 57,0]} (17... Rfe8 18. Qh4 Bxg5 19. Nxg5 h5 20. b3 {Ist
Keres-Unzicker, Zuerich 1959}) 18. Qh4 $2 {[%eval -21,0] *Turnierbuch, mensch;}
({Ein Zug zu wenig gespeichert. Keres gibt hier} 18. Bf6 Bxf6 19. exf6 Rfe8 20.
Qh4 Qd6 21. Re5 $18 Bc8 22. Rh5 $1) 18... Bxg5 19. Nxg5 h5 20. Qf4 {a tempo} c5
{[%eval 28,0]} 21. Qf6 {[%eval 15,0]} Rfe8 22. Rab1 Nc4 {a tempo} 23. f4 Qe7
24. Bxg6 fxg6 25. Qxg6+ {[%eval 27,0]} Qg7 {[%eval 86,0]} 26. Qxe6+ {[%eval 24,
0]} Rxe6 {[%eval 80,0]} 27. Nxe6 {[%eval -30,0]} Qd7 28. Nxd8 Qxd8 29. e6 {
[%eval 24,0]} Qe8 $2 {[%eval 71,0]} (29... Qe7) 30. Rbd1 Nb6 {[%eval 27,0]} 31.
f5 {[%eval 96,0]} Kg7 32. e7 d4 {[%eval -27,0]} 33. cxd4 {[%eval 151,0]} c4 34.
d5 Nd7 35. d6 {[%eval 187,0]} Kf6 {[%eval -24,0]} 36. Rd5 {a tempo} Kf7 37. Re3
Kf6 {a tempo} 38. Kf2 Kg7 39. Kg3 (39. f6+ Kxf6 40. Rxh5 $18) 39... Kf7 40. Kf4
{[%eval 193,0] a tempo;} Kg7 {-1.18, nach 12'} 41. Rd4 {[%eval 287,0]} Kh7 42.
Rg3 Kh8 43. Rg6 Nc5 44. Kg5 {[%eval 806,0]} c3 {[%eval -513,0]} 45. Kxh5 {
[%eval 2004,0]} Ne4 {Aufgabe} 1-0

[Event "Mephisto Cup (40/120')"]
[Site "?"]
[Date "2012.??.??"]
[Round "4"]
[White "Mephisto ARM2, RISC 1.2."]
[Black "Mephisto 68030, London"]
[Result "0-1"]
[WhiteElo "2263"]
[BlackElo "2270"]
[Annotator "xchessg"]
[PlyCount "108"]
[SourceDate "2009.11.09"]

1. d4 Nf6 {[%eval 25,0] Aktiv, RF} 2. c4 c5 3. d5 b5 4. a4 bxc4 {[%eval 81,0]
*Turnierbuch, mensch;} 5. Nc3 Ba6 6. e4 {[%eval -11,0] *Turnierbuch,} Qa5 7.
Bd2 Qc7 8. Nf3 {a tempo} Qb7 9. Rb1 d6 10. b3 {[%eval -18,0]} cxb3 {[%eval 39,
0] a tempo;} 11. Rxb3 Qc8 {a tempo} 12. Bxa6 Nxa6 13. e5 dxe5 14. Nxe5 Nb4 15.
O-O {[%eval -21,0]} Qa6 {[%eval 63,0]} 16. Qf3 {[%eval -23,0]} Rc8 {[%eval 45,
0]} 17. Rfb1 Qd6 {a tempo} 18. Bf4 {[%eval 22,0]} Qa6 {[%eval 0,0]} 19. R3b2 h6
20. Be3 Qd6 21. Qh3 e6 {[%eval 3,0] a tempo;} 22. Bf4 {[%eval 31,0]} Qa6 {
[%eval -33,0] a tempo;} 23. dxe6 Qxe6 {a tempo} 24. Qxe6+ {[%eval 40,0]} fxe6 {
[%eval -72,0] a tempo;} 25. Nb5 Nfd5 26. Ng6 {[%eval 73,0]} Nxf4 {a tempo: -0.
87; abgebrochen} 27. Nxh8 a6 28. Na3 Ke7 29. Nc4 Kf6 30. Rb3 {[%eval 51,0] a
tempo;} Nfd3 {[%eval 0,0]} 31. Rd1 {[%eval 0,0]} Be7 {a tempo} 32. Rbxd3 Nxd3 {
a tempo} 33. Rxd3 Rxh8 34. Rf3+ Kg6 35. Re3 {[%eval -46,0]} Rb8 {[%eval 66,0]}
36. Rxe6+ Kf7 37. Rb6 Rxb6 {a tempo} 38. Nxb6 Ke6 39. Kf1 {a tempo} Ke5 40. Ke2
{[%eval -76,0] a tempo;} Kd4 {[%eval 93,0]} 41. Kd2 c4 42. Nd7 Bb4+ {a tempo}
43. Kc2 Bd6 44. g3 {a tempo} h5 45. f4 {[%eval -74,0] a tempo;} h4 46. Kd2 {a
tempo} h3 47. Kc2 {[%eval -63,0]} Ke4 {abgebrochen} 48. Kc3 {[%eval -103,0]}
Kf3 {[%eval 218,0]} 49. Ne5+ Kg2 50. Ng4 Bc5 {a tempo} 51. Kxc4 {[%eval -304,0]
} Bg1 {[%eval 330,0] a tempo;} 52. Kd5 Bxh2 53. Ke4 Bg1 54. Kf5 {[%eval -404,0]
} Kxg3 {4.48; a tempo} 0-1

[Event "Mephisto Cup (40/120')"]
[Site "?"]
[Date "2012.??.??"]
[Round "5"]
[White "Mephisto 68030, London"]
[Black "Mephisto ARM2, RISC 1.2."]
[Result "1-0"]
[WhiteElo "2270"]
[BlackElo "2263"]
[Annotator "xchessg"]
[PlyCount "119"]
[SourceDate "2009.11.09"]

{Stil Aktiv; RF} 1. e4 c5 2. Nf3 Nc6 3. d4 cxd4 4. Nxd4 e5 5. Nb5 a6 6. Nd6+
Bxd6 7. Qxd6 Qf6 8. Qd1 Qg6 9. Nc3 {Voelschow,Michael: '*'} d5 10. Nxd5 Qxe4+
11. Be3 Nd4 12. Nc7+ Ke7 13. Rc1 (13. Nxa8 Nxc2+ 14. Kd2 Nxe3 15. fxe3 Nf6 16.
Qb3 Rd8+ 17. Ke1 Ng4 {*} 18. Qa3+ (18. Qc3 Nxe3 19. Kf2 Nc2 20. Qc5+ Kf6 21.
Qb6+ Ke7) 18... Kf6 19. Qc5 {-0,3} Nxe3 {0,00} (19... Be6 20. Be2 Nxe3 21. Kf2
Qf4+ 22. Kg1 Rd2 $19) 20. Qb6+ Ke7 21. Qc5+ Kf6 22. Qb6+ Ke7 23. Qc5+ Kf6 {1/
2-1/2 Magellan,M-Risc 2,M/Rostock 2004/[Voelschow,Michael] (23)}) 13... Bg4 14.
Qd3 Qxd3 {Voelschow,Michael: '*'} 15. Bxd3 Rd8 {[%eval 6,0] *Grossbuch;} 16. h3
{Voelschow,Michael: '*'} Bh5 17. Be4 {[%eval 48,0] '?!' Voelschow,Michael.
*Turnierbuch, Mensch;} (17. f4 exf4 18. Bxf4) 17... Nf6 18. Bg5 Kd6 19. Bxf6 {
a tempo} gxf6 {a tempo} 20. Nd5 {[%eval -3,0]} f5 {[%eval 49,0]} 21. Nf6 fxe4 {
a tempo} 22. Nxh5 Ke7 23. Ng3 Rhg8 24. c3 (24. Kf1 Nxc2 25. Rxc2 Rxg3 26. Rc7+
Ke6 27. fxg3 Rd1+ 28. Kf2 Rxh1 29. Rxb7 Rb1 30. g4 a5 31. Rb5 a4 32. Rb4 f6 33.
Kg3 Kd5 34. Kf2 Kc5 35. a3 Kd5 36. g3 Rh1 37. Rxa4 Rxh3 38. Kg2 Rh6 {+0,52} 39.
b4 Rg6 40. Ra7 {-0,06} Rxg4 {+0,83} 41. Rxh7 f5 42. Rh4 Rg6 43. Kf2 e3+ 44. Kf3
e4+ 45. Ke2 Rxg3 46. Rh5 Rf3 {+2,12} 47. b5 {-1,51} Ke5 (47... Kd4) 48. Rh2 f4
49. b6 Rg3 50. b7 Rg8 51. Rh7 {-0,75 ???} Rg2+ 52. Kd1 {-2,09} Rb2 53. Kc1 Rb6
54. Re7+ Kf5 {+4,99.0-1 London 32 Bit,M-Risc 2,M/Rostock 2003/[Voelschow,
Michael] (54)}) 24... Ne6 {a tempo} 25. Rd1 Rd3 {[%eval 37,0] a tempo;} 26. O-O
{[%eval -18,0]} Nf4 27. Rde1 Ke6 28. Rxe4 Rd7 29. Rfe1 Nd3 30. R1e2 {[%eval 57,
0] a tempo;} f5 {[%eval -8,0]} 31. Rh4 Nc1 32. Rc2 Nd3 33. Rd2 Rgg7 34. Rh6+
Rg6 35. Rh5 {a tempo} Rf6 {[%eval -56,0]} 36. Ne2 Rff7 37. Rh6+ Ke7 38. Nd4 {
a tempo} exd4 39. Rxd3 dxc3 40. Rxc3 {a tempo} Kd8 {[%eval -74,0]} 41. Rc2 Rd5
42. g3 Rg7 43. Kg2 a5 44. Kf3 Re7 45. Re2 {a tempo} Red7 46. Rhe6 a4 47. Kf4 {
a tempo} Rf7 48. a3 Kd7 49. Rb6 {a tempo} Kc7 50. Rb4 {[%eval 181,0] a tempo;}
b5 {[%eval -121,0]} 51. Re5 Rxe5 52. Kxe5 Re7+ 53. Kxf5 Rf7+ {a tempo} 54. Kg4
Rxf2 55. Rxb5 {[%eval 272,0]} Kc6 {[%eval -197,0] a tempo;} 56. Rb4 {a tempo}
Kc5 57. h4 Kd5 58. Kg5 {[%eval 360,0]} Ke5 {[%eval -274,0]} 59. Kh6 Rf7 {
[%eval -303,0] a tempo;} 60. Rxa4 1-0